|
|
|
|
| LEADER |
00000nam0a2200000 4500 |
| 001 |
339000 |
| 005 |
20231102005113.0 |
| 035 |
|
|
|a (RuTPU)RU\TPU\book\365505
|
| 090 |
|
|
|a 339000
|
| 100 |
|
|
|a 20171207d1963 m y0rusy50 ca
|
| 101 |
0 |
|
|a rus
|
| 102 |
|
|
|a RU
|
| 105 |
|
|
|a a j 001zy
|
| 200 |
1 |
|
|a Монтаж металлорежущего и кузнечно-прессового оборудования
|e практическое пособие
|f В. В. Коперин
|g Государственный производственный комитет по монтажным и специальным строительным работам СССР
|
| 210 |
|
|
|a Москва
|c Госстройиздат
|d 1963
|
| 215 |
|
|
|a 259 с.
|c ил.
|
| 225 |
1 |
|
|a Серия практических пособий пл повышению мастерства в промышленном строительстве
|
| 320 |
|
|
|a Библиогр.: с. 256
|
| 606 |
1 |
|
|a Металлорежущие станки
|x Монтаж
|x Установка
|x Сборка
|2 stltpush
|3 (RuTPU)RU\TPU\subj\42614
|9 62273
|
| 606 |
1 |
|
|a Кузнечно-прессовое оборудование
|x Монтаж
|2 stltpush
|3 (RuTPU)RU\TPU\subj\16609
|9 42566
|
| 610 |
1 |
|
|a испытания
|
| 610 |
1 |
|
|a узлы
|
| 610 |
1 |
|
|a сборка
|
| 610 |
1 |
|
|a техника безопасности
|
| 610 |
1 |
|
|a практические пособия
|
| 675 |
|
|
|a 621.9.06.002(07)
|v 4
|
| 675 |
|
|
|a 621.735.06:621.97(07)
|v 4
|
| 700 |
|
1 |
|a Коперин
|b В. В.
|g Владислав Владимирович
|
| 712 |
0 |
2 |
|a Государственный производственный комитет по монтажным и специальным строительным работам СССР
|2 stltpush
|3 (RuTPU)RU\TPU\col\12437
|9 25397
|
| 801 |
|
1 |
|a RU
|b 63413507
|c 20171207
|
| 801 |
|
2 |
|a RU
|b 63413507
|c 20201103
|g RCR
|
| 942 |
|
|
|c BK
|